D'Oviédo á Santander / (Record no. 164343)
[ view plain ]
| 000 -LEADER | |
|---|---|
| campo de control de longitud fija | 01093nam a2200265 i 4500 |
| 001 - NÚMERO DE CONTROL | |
| campo de control | 164343 |
| 003 - IDENTIFICADOR DE NÚMERO DE CONTROL | |
| campo de control | ES-MaACL |
| 005 - FECHA Y HORA DE LA ÚLTIMA TRANSACCIÓN | |
| campo de control | 20250827035819.0 |
| 008 - DATOS DE LONGITUD FIJA--INFORMACIÓN GENERAL | |
| campo de control de longitud fija | 050802s1895 fr af |||| | spa d |
| 040 ## - FUENTE DE CATALOGACIÓN | |
| Centro catalogador/agencia de origen | CAM |
| Lengua de catalogación | spa |
| Centro/agencia transcriptor | CAM |
| 100 1# - ENTRADA PRINCIPAL--NOMBRE DE PERSONA | |
| Nombre de persona | Saint-Saud, Aymard de ( |
| Fechas asociadas al nombre | 1853-1932) |
| 9 (RLIN) | 149331 |
| 245 10 - MENCIÓN DEL TÍTULO | |
| Título | D'Oviédo á Santander / |
| Mención de responsabilidad, etc. | par le Comte de Saint-Saud. |
| 260 ## - PUBLICACIÓN, DISTRIBUCIÓN, ETC. | |
| Lugar de publicación, distribución, etc. | Paris : |
| Nombre del editor, distribuidor, etc. | [s.n.], |
| Fecha de publicación, distribución, etc. | 1895 ( |
| Fabricante | Typ. Chamerot et Renouard) |
| 300 ## - DESCRIPCIÓN FÍSICA | |
| Extensión | 23 p., [2] h. de lám. ; |
| Dimensiones | 23 cm. |
| 490 1# - MENCIÓN DE SERIE | |
| Mención de serie | Notes sur l'Espagne ; |
| Designación de volumen o secuencia | 3 |
| 490 1# - MENCIÓN DE SERIE | |
| Mención de serie | Excursions dans les Sierras d'Espagne |
| 595 ## - | |
| -- | Extrait de: l'Annuaire du Club Alppin Français, 21e volume, 1894. |
| 650 #4 - PUNTO DE ACCESO ADICIONAL DE MATERIA--TÉRMINO DE MATERIA | |
| Término de materia o nombre geográfico como elemento de entrada | Montañas- |
| Subdivisión geográfica | España. |
| 9 (RLIN) | 136531 |
| 651 #4 - PUNTO DE ACCESO ADICIONAL DE MATERIA--NOMBRE GEOGRÁFICO | |
| Nombre geográfico | Asturias (Comunidad Autónoma)- |
| Subdivisión general | Descripción. |
| 9 (RLIN) | 7830 |
| 651 #4 - PUNTO DE ACCESO ADICIONAL DE MATERIA--NOMBRE GEOGRÁFICO | |
| Nombre geográfico | Cantabria (Comunidad Autónoma)- |
| Subdivisión general | Descripción. |
| 9 (RLIN) | 153444 |
| 830 0# - PUNTO DE ACCESO ADICIONAL DE SERIE-TÍTULO UNIFORME | |
| Título uniforme | Notes sur l'Espagne ; |
| Designación de volumen o secuencia | 3 |
| 9 (RLIN) | 222345 |
| 830 00 - PUNTO DE ACCESO ADICIONAL DE SERIE-TÍTULO UNIFORME | |
| Título uniforme | Excursions dans les sierras d'Espagne |
| 9 (RLIN) | 233440 |
| 852 ## - LOCALIZACIÓN | |
| Ubicación | ES-MaACL |
| Número de control de estantería | T-846-F-5 |
| Nota libre | - Enc. hol., conservando la cub. original |
| -- | - Enc. en un vol. facticio |
| Estatus retirado | Estado de pérdida | Estado de daño | No para préstamo | Colección | Biblioteca de origen | Biblioteca actual | Ubicación en estantería | Fecha de adquisición | Fuente de adquisición | Total de préstamos | Signatura topográfica completa | Código de barras | Visto por última vez | Precio de reemplazo | Tipo de ítem Koha |
|---|---|---|---|---|---|---|---|---|---|---|---|---|---|---|---|
| Colección de folletos | Biblioteca del Ateneo de Madrid | Biblioteca del Ateneo de Madrid | Depósito folletos | 17/01/2008 | T-846-F-5 | 1172257 | 23/02/2023 | 23/02/2023 | Folleto |
